000
00265nam a22001097a 4500
999
_c
167739
_d
167739
082
_a
_b
100
_a
Lovely Tissa
245
_a
Moolyapaarikalpana aur aadhunik hindi natak/
_c
by Lovely Tissa.
260
_a
Mathura:
_b
Jawahar,
_c
2008.
650
_a
942
_c
BK